| 000 | 01139njm a22002537a 4500 | ||
|---|---|---|---|
| 005 | 20100907155129.0 | ||
| 006 | a|||||r|||||00| 0 | ||
| 007 | sd ammalaaahaa | ||
| 008 | 100907t xxu||||| |||| 00| 0 eng d | ||
| 028 |
_aN 54116 _bHis Master's Voice |
||
| 035 | _aGR-01129 | ||
| 100 |
_aMohammad Rafi _918693 |
||
| 245 |
_aGehra daag / _cby Mohammad Rafi; music by Ravi; lyrics by Shakeel Badayuni _h[Sound recording] |
||
| 246 | _aगहरा दाग / मोहम्मद रफ़ी द्वारा | ||
| 260 |
_aDum Dum, India _bHis Master's Voice |
||
| 300 |
_a1 sound disc [Gramophone Recording] _banalog, 33 1/3rpm ; _c9.5 in. (MP) _fGramaphone Records |
||
| 500 | _aBrief record | ||
| 505 | _aSide-1 आज उड़ता हुआ एक पंछी (Aaj udata hua ek panchi) (Mohammad Rafi) --Side-2 कैसे कहूं मैं बात (Kaise kahoon main baat) (Asha Bhosle) | ||
| 650 |
_aClassical music _xExcerpts _zIndia _918694 |
||
| 700 |
_aRavi _918695 |
||
| 700 |
_918716 _aShakeel Badayuni |
||
| 942 |
_2ddc _cGR |
||
| 999 |
_c44317 _d44317 |
||